| 000 | 00000nam##2200000za#4500 |
| 001 | 9.578220 |
| 003 | CaOODSP |
| 005 | 20210624190002 |
| 007 | cr ||||||||||| |
| 008 | 150406|1986||||xxc|||||o f|0| 0 eng|d |
| 022 | |a1488-5379 |
| 040 | |aCaOODSP|beng |
| 043 | |an-cn--- |
| 086 | 1 |aFs97-6/1423E-PDF |
| 110 | 1 |aCanada. |bDepartment of Fisheries and Oceans. |
| 245 | 10|aDistribution of some non commercial finfish in the Gulf of St. Lawrence, 1976-1981 / |h[electronic resource]|cby D.B. Atkinson. |
| 260 | |aSt. John's - Newfoundland and Labrador : |bFisheries and Oceans Canada |c1986. |
| 300 | |a62p.|bfigs., references |
| 490 | 1 |aCanadian technical report of fisheries and aquatic sciences|x1488-5379|vNo. 1423 |
| 500 | |aOn t.p.: Fisheries Research Branch, St. John's, Newfoundland. The catalogue number and ISSN for the print edition appear in the PDF version. |
| 546 | |a(Résumé en français) |
| 590 | |a14-02-Supp|b2014-01-08 |
| 720 | 1 |aAtkinson, D. B. |
| 830 | #0|aCanadian technical report of fisheries and aquatic sciences,|x1488-5379|vNo. 1423|w(CaOODSP)9.504449 |
| 856 | 40|ahttp://publications.gc.ca|qPDF|s2271 KB|uhttps://publications.gc.ca/collections/collection_2013/mpo-dfo/Fs97-6-1423-eng.pdf|yNo. 1423 |